00484nam a22001457a 4500020001500000040000900015082002100024100002900045245003300074260004900107650004100156942001200197999001900209952011000228 a0201578859 cNust a621.31042bSLE'E aGordon R. Slemon9126905 aElectric machines and drives aNew York:bAddison Wesley publishers,c1992. aElectric machines and drives9126906 2ddccBK c612300d612300 00102ddc4070aCEMEbCEMEcGENd2024-11-13l0o621.31042 SLE'EpCEME- 31804r2024-11-13w2024-11-13yBK